Advanced practice nursing : (Record no. 18817)
[ view plain ]
| 000 -LEADER | |
|---|---|
| fixed length control field | 00456cam a2200157 i 4500 |
| 020 ## - INTERNATIONAL STANDARD BOOK NUMBER | |
| ISBN | 9781284047028 (paperback) |
| 020 ## - INTERNATIONAL STANDARD BOOK NUMBER | |
| ISBN | 1284047024 (paperback) |
| 040 ## - CATALOGING SOURCE | |
| Transcribing agency | DLC |
| 082 00 - DEWEY DECIMAL CLASSIFICATION NUMBER | |
| Classification number | 610 INT 2007 C152 Or. |
| 245 10 - TITLE STATEMENT | |
| Title | Advanced practice nursing : |
| Remainder of title | contexts of care / |
| 300 ## - PHYSICAL DESCRIPTION | |
| Number of Pages | xxiii, 338 pages : |
| Other physical details | illustrations ; |
| Dimensions | 23 cm |
| 650 12 - SUBJECT ADDED ENTRY--TOPICAL TERM | |
| Topical Term | Advanced Practice Nursing |
| 650 22 - SUBJECT ADDED ENTRY--TOPICAL TERM | |
| Topical Term | Advanced Practice Nursing |
| 700 1# - ADDED ENTRY--PERSONAL NAME | |
| Personal name | Hamlin, Lynette, |
| 942 ## - ADDED ENTRY ELEMENTS (KOHA) | |
| Koha item type | ADB |
| 952 ## - LOCATION AND ITEM INFORMATION (KOHA) | |
| Withdrawn status [LOCAL, KOHA] | 0 |
| Koha item type | Source of acquisition | Lost status | Permanent Location | Current Location | Date acquired | Full call number |
|---|---|---|---|---|---|---|
| សៀវភៅភាសាអង់គ្លេស | A38119 | Library Block C | Library Block C | 2020-01-28 | 610 INT 2007 C152 Or. |